000 01699cam a2200337 4500
002 7777
008 040419n2004 000 0 eng u
020 _a0750661968
035 _a(Sirsi) u125869
041 _aeng
050 _a690
_c18
100 _aChudley, R
245 _aBuilding construction handbook
250 _a5th ed.
260 _aOxford
_bButterworth Heinemann
_c2004
300 _a721p.
_c24cm.
350 _a18.99
520 _aAn essential text for all building construction students. Illustrates through clear diagrams and concise explanations, various construction elements. The text has been revised and updated to take into account changes to the Building Regulations, including: Part A - structure; Part C - site preparation and resistance to moisture; Part E - resistance to the passage of sound; Part L - conservation of fuel and power; and Part M - access to and use of buildings. This edition also addresses the new governmental requirements for property sellers' information packs, including property condition surveys, structural defects and remedial measures.
520 _aSuperceded by sixth edition.
650 _aBUILDING CONSTRUCTION HANDBOOK
650 _aCONSTRUCTION METHODS
650 _aCONSTRUCTION TECHNIQUES
650 _aBUILDING REGULATIONS
_96224
650 _aBUILDING REGULATIONS 2000 APPROVED DOCUMENT L1A (2006 EDITION)
650 _aBUILDING REGULATIONS 2000 APPROVED DOCUMENT L1B (2006 EDITION)
650 _aBUILDING REGULATIONS 2000 APPROVED DOCUMENT L2A (2006 EDITION)
650 _aBUILDING REGULATIONS 2000 APPROVED DOCUMENT L2B (2006 EDITION)
690 _aBUILT ENVIRONMENT
700 _aGreeno, R.
942 _n0
999 _c103489
_d103489